English song titles in german - Statistics

General Stats
  • This quiz has been taken 185 times
  • The average score is 13 of 20
Answer Stats
Translation English title % Correct
Blauer Montag Blue monday
91%
Heiß und kalt Hot n Cold
89%
Tanzen im Dunkeln Dancing in the dark
85%
Es ist jetzt oder nie It's now or never
77%
Soll ich bleiben oder soll ich gehen Should I stay or should I go
77%
Du bist nicht allein You are not alone
77%
Kerze im Wind Candle in the wind
75%
Mit oder ohne dich With or without you
75%
Zeit auf Wiedersehen zu sagen Time to say goodbye
69%
Geh deinen eigenen Weg Go your own way
66%
Ich mag keine Montage I don't like mondays
66%
Ich werde überleben I will survive
61%
Treppe zum Himmel Stairway to heaven
58%
Jeden Atemzug den du nimmst Every breath you take
57%
Verliere dich selbst Lose yourself
57%
Wie ein Gebet Like a prayer
52%
Erdbeerfelder für immer Strawberry fields forever
51%
Genieße die Stille Enjoy the silence
48%
Angst vor dem Dunkeln Fear of the dark
44%
Herzförmige Schachtel Heart-shaped box
39%
No matching quizzes found
Score Distribution
Percent of People with Each Score
Percentile by Number Answered
Your Score History
You have not taken this quiz